000 00641nam a2200241 i 4500
001 C2-0286405
003 PPAK
005 20180728015847.0
008 080123s2005 xx a|||| ||||| | eng d
020 _a0881061506
040 _aPPAK
_beng
_cPPAK
_erda
082 0 4 _a513.211
_223
090 0 0 _a513.211
_bPAL
_dLCK
100 1 _aPallotta, Jerry,
_eauthor
245 1 0 _aOcean counting
_bodd numbers
264 1 _bCharlesbridge ,
_c2005
300 _a50 pages :
_bcolour illustrations ;
_c22 cm
336 _2rdacontent
_atext
337 _2rdamedia
_aunmediated
338 _2rdacarrier
_avolume
650 1 0 _aCounting
942 _ddc
_cB
999 _c92156
_d92156